000 00363nam a22001217a 4500
008 181127b xxu||||| |||| 00| 0 eng d
041 _aeng
080 _a043.3
100 _a0
101 _aMTH-MBE
245 _aRoli dhe rendesia e investimeve te huaja direkte ne zhvillimin ekonomik rasti i Kosoves: Analize e Periudhes 2007-2016
_cZymberi, M
942 _2udc
_cBK
999 _c52583
_d52583